Implication of local- migrants relations on resource management: the case study of lake kariba ecosystem, southern Zambia (Record no. 86817)

MARC details
000 -LEADER
fixed length control field 00731 a2200205 4500
003 - CONTROL NUMBER IDENTIFIER
control field CBULib
005 - DATE AND TIME OF LATEST TRANSACTION
control field 20260702110427.0
008 - FIXED-LENGTH DATA ELEMENTS--GENERAL INFORMATION
fixed length control field 260702b |||||||| |||| 00| 0 eng d
040 ## - CATALOGING SOURCE
Original cataloging agency CBULib
Language of cataloging English
Transcribing agency CBULib
Modifying agency CBULib
Description conventions rda
050 ## - LIBRARY OF CONGRESS CALL NUMBER
Classification number CBU-PG THESIS/ KAP
100 ## - MAIN ENTRY--PERSONAL NAME
Personal name Mulenga, Lesa Francesca
245 ## - TITLE STATEMENT
Title Implication of local- migrants relations on resource management: the case study of lake kariba ecosystem, southern Zambia
Statement of responsibility, etc / by francesca Lesa Mulenga
260 ## - PUBLICATION, DISTRIBUTION, ETC. (IMPRINT)
Name of publisher, distributor, etc Copperbelt University,
Date of publication, distribution, etc 2024
Place of publication, distribution, etc kitwe:
300 ## - PHYSICAL DESCRIPTION
Extent v,114 pages : illustrations
336 ## - CONTENT TYPE
Source rdacontent
Content type term Text |
Content type code txt
337 ## - MEDIA TYPE
Source rdamedia
Media type term Unmediated |
Media type code n
338 ## - CARRIER TYPE
Source rdacarrier
Carrier type term Volume
Carrier type code nc
650 #0 - SUBJECT ADDED ENTRY--TOPICAL TERM
9 (RLIN) 5699
Topical term or geographic name as entry element LOCAL MIGRANTS
942 ## - ADDED ENTRY ELEMENTS (KOHA)
Source of classification or shelving scheme
Koha item type SPECIAL COLLECTION
Holdings
Withdrawn status Lost status Source of classification or shelving scheme Damaged status Not for loan Collection code Permanent Location Current Location Shelving location Date acquired Source of acquisition Full call number Barcode Date last seen Price effective from Koha item type
          Special Collections CBU-MAIN LIBRARY, KITWE. CBU-MAIN LIBRARY, KITWE. Special Collections 07/02/2026 DEP-CBU/07/2026 CBU-PG/THESIS/KAP 153688 07/02/2026 07/02/2026 SPECIAL COLLECTION